Travis Scott Lyrics - Statistics

General Stats
  • This quiz has been taken 1,622 times
  • The average score is 5 of 15
Answer Stats
Lyrics Song % Correct
Yea, when I'm with my squad I cannot do no wrong Goosebumps
76%
Then I roll up that roll up Then I'm callin' your hoe up Pick up the Phone
50%
Ain't makin' friends, we just makin' hobbies The Ends
49%
Aye, walked up in the bank, ordered me some funds / Walked in the strip club, order me some ones Nightcrawler
47%
Pulled out in the hood Toyota / Drove back to the hood Lambo Beibs in the Trap
41%
Work it like a stripper, yeah But you not a stripper, yeah Wonderful
40%
Bottles got us right though, we ain't sippin' light though Antidote
36%
Cause you know I'm not myself when I'm off the liquor Outside
34%
We designed our love around the drugs Pornography
32%
She popping more Blue Chanel just to get it up / Parking lot full of foreign hoes on the regular Impossible
26%
You've been workin' out, you're goin' hard for ya Coordinate
25%
I've been popping pills / Pouring syrup, everyday Oh My Dis Side
25%
I play love like a sport First Take
23%
The vibes are effervescent, delicious, just how they should be Through the Late Night
18%
Fall through and break somethin' / Broad day, and take somethin' Lose
14%
No matching quizzes found
Score Distribution
Percent of People with Each Score
Percentile by Number Answered
Your Score History
You have not taken this quiz